Cuestiones actuales de derecho ambiental

Detalles Bibliográficos
Formato: eBook
Lenguaje:español
Publicado: Buenos Aires: El Derecho Editorial Jurd̕ica, 2007
Materias:
Acceso en línea:Acceso restringido

MARC

LEADER 00000nam a22000007a 4500
005 20140424202127.0
007 cr|||| ||||
008 140424s2007 ar |||||s|||| 00||0 spa d
035 |a 11880 
040 |a vLex 
090 |c 4821  |d 4821 
245 0 0 |a Cuestiones actuales de derecho ambiental  |h [Recurso electrn̤ico] / 
256 |a Servicio en ln̕ea 
260 |a Buenos Aires:  |b El Derecho Editorial Jurd̕ica,  |c 2007 
300 |a 1 recurso electrn̤ico 
506 1 |a Disponible solo en los productos indicados  |d vLex Global  |d vLex Global (Academic Edition, excluding Law Schools)  |d vLex Global (U.S. Academic Edition, Law Schools)  |d vLex Global (U.S. Academic Edition, excluding Law Schools)  |d vLex Global (Academic Edition, Law Schools) 
650 0 4 |a Derecho del Medio Ambiente  |z Argentina 
740 0 |a vLex Libros (Servicio en ln̕ea) 
856 4 0 |u http://vlex.com/source/cuestiones-actuales-de-derecho-ambiental-11880  |z Acceso restringido 
942 |c BOOK 
999 0 |a Environmental Law